[Event "msr2018"]
[Site "?"]
[Date "2018.04.22"]
[Round "3.21"]
[White "Skreko, Igor"]
[Black "Musaev, Matej Elbek"]
[Result "0-1"]
[BlackElo "1723"]
[WhiteElo "1586"]
[LiveChessVersion "1.4.8"]

1. e4 {[%clk 1:30:57]} c5 {[%clk 1:30:55]} 2. Nf3 {[%clk 1:31:22]} d6
{[%clk 1:31:19]} 3. d4 {[%clk 1:31:46]} cxd4 {[%clk 1:31:45]} 4. Nxd4
{[%clk 1:32:06]} Nf6 {[%clk 1:32:12]} 5. Nc3 {[%clk 1:32:28]} a6 {[%clk 1:32:37]}
6. f3 {[%clk 1:32:47]} e6 {[%clk 1:32:52]} 7. Be3 {[%clk 1:33:07]} Qc7
{[%clk 1:31:04]} 8. Qd2 {[%clk 1:33:06]} b5 {[%clk 1:30:44]} 9. O-O-O
{[%clk 1:32:34]} Nbd7 {[%clk 1:30:56]} 10. g4 {[%clk 1:30:45]} Nb6
{[%clk 1:29:30]} 11. Kb1 {[%clk 1:29:37]} Bb7 {[%clk 1:29:27]} 12. h4
{[%clk 1:26:12]} Rc8 {[%clk 1:27:50]} 13. a3 {[%clk 1:25:09]} Nfd7
{[%clk 1:23:37]} 14. Nb3 {[%clk 1:19:48]} Ne5 {[%clk 1:20:11]} 15. Bxb6
{[%clk 1:16:11]} Qxb6 {[%clk 1:20:07]} 16. Be2 {[%clk 1:15:07]} Nc4
{[%clk 1:18:24]} 17. Bxc4 {[%clk 1:15:09]} bxc4 {[%clk 1:16:33]} 18. Nd4
{[%clk 1:13:09]} Bc6 {[%clk 1:04:55]} 19. Nxc6 {[%clk 1:12:04]} Qxc6
{[%clk 1:05:50]} 20. Qd4 {[%clk 1:10:48]} Qb7 {[%clk 1:04:03]} 21. Ka2
{[%clk 1:08:31]} Rc7 22. Rhe1 {[%clk 1:06:09]} Qa7 {[%clk 0:45:47]} 23. Re2
{[%clk 1:04:53]} Qxd4 {[%clk 0:45:00]} 24. Rxd4 {[%clk 1:05:11]} Rc6
{[%clk 0:42:00]} 25. Na4 {[%clk 1:04:16]} g6 {[%clk 0:40:38]} 26. Rd1
{[%clk 0:58:23]} Bg7 {[%clk 0:36:55]} 27. f4 {[%clk 0:55:50]} Ke7
{[%clk 0:35:19]} 28. Re3 {[%clk 0:51:19]} Rb8 {[%clk 0:34:32]} 29. Rh3
{[%clk 0:46:16]} h5 {[%clk 0:30:37]} 30. g5 {[%clk 0:46:02]} Rb5 {[%clk 0:28:41]}
31. Nc3 {[%clk 0:45:05]} Rbc5 {[%clk 0:27:52]} 32. Rh2 {[%clk 0:42:48]} Rb6
{[%clk 0:22:13]} 33. Na4 {[%clk 0:41:23]} Rbb5 {[%clk 0:21:33]} 34. Nxc5
{[%clk 0:39:57]} Rxb2+ {[%clk 0:21:58]} 35. Ka1 {[%clk 0:39:38]} Rxc2+
{[%clk 0:22:24]} 36. Kb1 {[%clk 0:35:40]} Rxh2 {[%clk 0:22:32]} 37. Nxa6
{[%clk 0:34:49]} Rb2+ {[%clk 0:22:22]} 38. Kc1 {[%clk 0:34:04]} Ra2
{[%clk 0:22:11]} 39. Rd2 {[%clk 0:29:27]} Rxa3 {[%clk 0:22:18]} 40. Nb8
{[%clk 0:27:57]} c3 {[%clk 0:20:53]} 41. Re2 {[%clk 0:27:44]} Ra1+
{[%clk 0:19:09]} 42. Kc2 {[%clk 0:27:57]} Ra2+ {[%clk 0:18:45]} 43. Kd1
{[%clk 0:28:13]} Rxe2 {[%clk 0:18:25]} 44. Kxe2 {[%clk 0:28:35]} f5
{[%clk 0:17:57]} 45. exf5 {[%clk 0:26:58]} exf5 {[%clk 0:18:01]} 46. Kd3
{[%clk 0:26:31]} Ke6 {[%clk 0:17:50]} 47. Nc6 {[%clk 0:25:20]} Kd7
{[%clk 0:15:44]} 48. Nb4 {[%clk 0:24:43]} Ke6 {[%clk 0:12:52]} 49. Nc6
{[%clk 0:24:44]} d5 {[%clk 0:12:14]} 50. Nb4 {[%clk 0:24:12]} Kd6
{[%clk 0:12:06]} 51. Na6 {[%clk 0:22:43]} d4 {[%clk 0:11:59]} 52. Nb4
{[%clk 0:22:03]} Kc5 {[%clk 0:12:00]} 53. Nc2 {[%clk 0:21:58]} Kb5
{[%clk 0:11:59]} 54. Na3+ {[%clk 0:21:35]} Kb4 {[%clk 0:11:45]} 55. Nc2+
{[%clk 0:21:48]} Kb3 {[%clk 0:12:05]} 56. Na1+ {[%clk 0:21:14]} Kb2
{[%clk 0:12:21]} 57. Nc2 {[%clk 0:21:24]} Bf8 {[%clk 0:08:56]} 58. Nxd4
{[%clk 0:21:05]} Bd6 {[%clk 0:09:19]} 0-1

[Event "msr2018"]
[Site "?"]
[Date "2018.04.22"]
[Round "3.22"]
[White "Stevik, Patrik"]
[Black "Orgon, Patrik"]
[Result "0-1"]
[BlackElo "1402"]
[WhiteElo "1713"]
[LiveChessVersion "1.4.8"]

1. e4 {[%clk 1:30:55]} d5 {[%clk 1:30:57]} 2. exd5 {[%clk 1:30:33]} Qxd5
{[%clk 1:31:21]} 3. Nc3 {[%clk 1:30:49]} Qd8 {[%clk 1:31:44]} 4. d4
{[%clk 1:29:32]} Nf6 {[%clk 1:32:03]} 5. Bc4 {[%clk 1:29:42]} Bf5
{[%clk 1:32:04]} 6. Nf3 {[%clk 1:29:09]} e6 {[%clk 1:32:29]} 7. Bg5
{[%clk 1:28:36]} Be7 {[%clk 1:32:48]} 8. O-O {[%clk 1:27:19]} O-O
{[%clk 1:33:15]} 9. Re1 {[%clk 1:26:15]} Nc6 {[%clk 1:32:19]} 10. Qd2
{[%clk 1:17:33]} Qd7 {[%clk 1:30:14]} 11. Rad1 {[%clk 1:17:18]} Rad8
{[%clk 1:30:32]} 12. Qe2 {[%clk 1:05:26]} Rfe8 {[%clk 1:26:01]} 13. h3
{[%clk 1:00:47]} h6 {[%clk 1:26:15]} 14. Bf4 {[%clk 0:55:29]} Bd6
{[%clk 1:25:40]} 15. Ne5 {[%clk 0:54:40]} Qc8 {[%clk 1:20:22]} 16. Qe3
{[%clk 0:37:58]} Nb4 {[%clk 1:14:50]} 17. Bxh6 {[%clk 0:35:44]} gxh6
{[%clk 1:14:19]} 18. Qxh6 {[%clk 0:35:59]} Bxe5 {[%clk 1:11:50]} 19. dxe5
{[%clk 0:35:24]} Nh7 {[%clk 1:10:03]} 20. Re3 {[%clk 0:34:28]} Rxd1+
{[%clk 1:09:52]} 21. Nxd1 {[%clk 0:34:45]} Qd8 {[%clk 1:09:24]} 22. Rg3+
{[%clk 0:35:01]} Bg6 {[%clk 1:09:37]} 23. Ne3 {[%clk 0:34:51]} Nxc2
{[%clk 1:08:58]} 24. h4 {[%clk 0:31:57]} Nxe3 {[%clk 1:07:31]} 25. fxe3
{[%clk 0:31:59]} Kh8 {[%clk 1:07:26]} 26. Kh2 {[%clk 0:30:27]} Rg8
{[%clk 1:06:57]} 27. Rf3 {[%clk 0:28:03]} Bf5 {[%clk 1:06:15]} 28. e4
{[%clk 0:27:10]} Bxe4 {[%clk 1:05:44]} 29. Rxf7 {[%clk 0:25:29]} Rxg2+
{[%clk 1:04:45]} 30. Kh3 {[%clk 0:25:53]} Qg8 {[%clk 1:03:59]} 31. Qf4
{[%clk 0:25:34]} Rg1 {[%clk 1:02:13]} 32. Rxh7+ {[%clk 0:25:10]} Bxh7
{[%clk 1:00:52]} 33. Qf3 {[%clk 0:25:28]} Bf5+ {[%clk 1:00:35]} 34. Kh2
{[%clk 0:25:46]} Rg4 {[%clk 1:00:27]} 35. Qf2 {[%clk 0:25:54]} Qh7 0-1

[Event "msr2018"]
[Site "?"]
[Date "2018.04.22"]
[Round "3.23"]
[White "Sandor, Samuel"]
[Black "Paluska, Karol"]
[Result "0-1"]
[BlackElo "1377"]
[WhiteElo "1603"]
[LiveChessVersion "1.4.8"]

1. d4 {[%clk 1:30:57]} d5 {[%clk 1:30:55]} 2. Nf3 {[%clk 1:31:24]} Nf6
{[%clk 1:31:00]} 3. e3 {[%clk 1:31:27]} e6 {[%clk 1:28:52]} 4. Bd3
{[%clk 1:31:44]} Bd6 {[%clk 1:28:55]} 5. O-O {[%clk 1:31:32]} O-O
{[%clk 1:29:00]} 6. Nbd2 {[%clk 1:31:16]} c5 {[%clk 1:28:10]} 7. c3
{[%clk 1:31:35]} Nc6 {[%clk 1:26:36]} 8. dxc5 {[%clk 1:30:12]} Bxc5
{[%clk 1:26:55]} 9. e4 {[%clk 1:30:34]} dxe4 {[%clk 1:17:48]} 10. Nxe4
{[%clk 1:30:52]} Be7 {[%clk 1:14:45]} 11. Bf4 {[%clk 1:29:06]} Nd5
{[%clk 1:11:45]} 12. Bg3 {[%clk 1:26:56]} f5 {[%clk 1:11:18]} 13. Ne5
{[%clk 1:13:22]} fxe4 {[%clk 1:06:24]} 14. Bxe4 {[%clk 1:13:12]} Bd6
{[%clk 1:01:56]} 15. Nxc6 {[%clk 1:05:43]} bxc6 {[%clk 1:00:41]} 16. Bxd6
{[%clk 1:00:06]} Qxd6 {[%clk 1:00:58]} 17. c4 {[%clk 1:00:00]} Qb4
{[%clk 0:37:03]} 18. Qc2 {[%clk 0:49:25]} Nf6 {[%clk 0:34:30]} 19. Bxc6
{[%clk 0:48:36]} Rb8 {[%clk 0:31:05]} 20. b3 {[%clk 0:47:03]} Qd6
{[%clk 0:30:47]} 21. Bf3 {[%clk 0:46:39]} Qf4 {[%clk 0:23:58]} 22. Rad1
{[%clk 0:43:49]} Ng4 {[%clk 0:22:30]} 23. Bxg4 {[%clk 0:41:52]} Qxg4
{[%clk 0:22:55]} 24. Qc3 {[%clk 0:40:01]} Bb7 {[%clk 0:21:50]} 25. f3
{[%clk 0:39:40]} Qg5 {[%clk 0:21:33]} 26. Qd4 {[%clk 0:38:03]} Bxf3
{[%clk 0:18:43]} 27. Rxf3 {[%clk 0:30:24]} Rxf3 {[%clk 0:17:48]} 28. Qxa7
{[%clk 0:29:19]} Qe3+ {[%clk 0:15:54]} 29. Qxe3 {[%clk 0:29:21]} Rxe3
{[%clk 0:16:19]} 30. Rd2 {[%clk 0:27:30]} Re1+ {[%clk 0:15:46]} 31. Kf2
{[%clk 0:27:54]} Ra1 {[%clk 0:16:07]} 32. Rc2 {[%clk 0:27:24]} Ra8
{[%clk 0:16:26]} 33. a4 {[%clk 0:25:21]} Rb1 {[%clk 0:16:37]} 34. Ke3
{[%clk 0:24:04]} Rxb3+ {[%clk 0:16:51]} 35. Kd4 {[%clk 0:24:27]} Rxa4
{[%clk 0:16:11]} 36. Ke5 {[%clk 0:23:36]} Ra5+ {[%clk 0:14:47]} 37. c5
{[%clk 0:22:47]} Rbb5 {[%clk 0:14:38]} 38. Kd6 {[%clk 0:22:47]} Rb8
{[%clk 0:12:11]} 39. Kxe6 {[%clk 0:21:58]} Raa8 {[%clk 0:11:58]} 40. c6
{[%clk 0:21:15]} Re8+ {[%clk 0:11:58]} 41. Kd6 {[%clk 0:21:31]} Rad8+
{[%clk 0:11:35]} 42. Kc5 {[%clk 0:21:10]} Rc8 {[%clk 0:10:26]} 43. Kd6
{[%clk 0:19:46]} h6 {[%clk 0:10:38]} 44. h4 {[%clk 0:19:13]} Kf7 {[%clk 0:10:31]}
45. Rf2+ {[%clk 0:17:14]} Kg6 {[%clk 0:10:33]} 46. Rf4 {[%clk 0:15:32]} Red8+
{[%clk 0:10:32]} 47. Kc5 {[%clk 0:15:44]} Rf8 {[%clk 0:10:41]} 48. Rc4
{[%clk 0:14:46]} Rxc6+ {[%clk 0:10:27]} 49. Kxc6 {[%clk 0:14:39]} Rc8+
{[%clk 0:10:52]} 0-1

[Event "msr2018"]
[Site "?"]
[Date "2018.04.22"]
[Round "3.24"]
[White "Compel, Daniel"]
[Black "Bulej, Matej"]
[Result "1/2-1/2"]
[BlackElo "1231"]
[WhiteElo "1439"]
[LiveChessVersion "1.4.8"]

1. e4 {[%clk 1:30:58]} e5 {[%clk 1:30:54]} 2. Nf3 {[%clk 1:31:25]} Nc6
{[%clk 1:31:19]} 3. Bb5 {[%clk 1:31:52]} Bc5 {[%clk 1:31:29]} 4. c3
{[%clk 1:32:02]} Nf6 {[%clk 1:31:29]} 5. d3 {[%clk 1:32:27]} h6 {[%clk 1:31:48]}
6. O-O {[%clk 1:32:52]} O-O {[%clk 1:32:09]} 7. Ba4 {[%clk 1:33:04]} d6
{[%clk 1:31:54]} 8. Bc2 {[%clk 1:33:23]} Bg4 {[%clk 1:31:52]} 9. Re1
{[%clk 1:33:46]} Re8 {[%clk 1:30:22]} 10. Nbd2 {[%clk 1:33:05]} d5
{[%clk 1:29:41]} 11. h3 {[%clk 1:33:05]} Bh5 {[%clk 1:29:02]} 12. Nf1
{[%clk 1:32:41]} dxe4 {[%clk 1:27:25]} 13. dxe4 {[%clk 1:33:05]} Qxd1
{[%clk 1:27:29]} 14. Bxd1 {[%clk 1:33:24]} Rad8 {[%clk 1:27:29]} 15. Ng3
{[%clk 1:33:29]} Bg6 {[%clk 1:27:37]} 16. Ba4 {[%clk 1:32:38]} a6
{[%clk 1:22:01]} 17. Bxc6 {[%clk 1:32:33]} bxc6 {[%clk 1:22:17]} 18. Nh4
{[%clk 1:28:43]} Bh7 {[%clk 1:22:31]} 19. Nhf5 {[%clk 1:29:02]} Rd3
{[%clk 1:21:19]} 20. Kf1 {[%clk 1:11:39]} Red8 {[%clk 1:20:01]} 21. f3
{[%clk 1:10:20]} Rd1 {[%clk 1:18:27]} 22. Be3 {[%clk 1:08:57]} Rxa1
{[%clk 1:18:21]} 23. Rxa1 {[%clk 1:09:11]} Bxe3 {[%clk 1:18:46]} 24. Nxe3
{[%clk 1:09:36]} Rd2 {[%clk 1:17:48]} 25. Rd1 {[%clk 1:10:01]} Rxd1+
{[%clk 1:18:09]} 26. Nxd1 {[%clk 1:10:24]} Kf8 {[%clk 1:18:29]} 27. Ne3
{[%clk 1:10:27]} Bg6 {[%clk 1:17:14]} 28. c4 {[%clk 1:05:11]} Nh5
{[%clk 1:17:08]} 29. Nxh5 {[%clk 1:03:46]} Bxh5 {[%clk 1:17:05]} 30. c5
{[%clk 1:03:01]} f6 {[%clk 1:17:10]} 31. b4 {[%clk 1:01:54]} Bf7 {[%clk 1:17:16]}
32. a3 {[%clk 1:02:09]} Bb3 {[%clk 1:16:07]} 33. Ke2 {[%clk 1:01:07]} Ba4
{[%clk 1:15:58]} 34. Kd3 {[%clk 0:58:47]} h5 {[%clk 1:14:21]} 35. h4
{[%clk 0:55:15]} g6 {[%clk 1:13:38]} 36. g4 {[%clk 0:54:43]} Bb5+
{[%clk 1:12:31]} 37. Nc4 {[%clk 0:53:25]} hxg4 {[%clk 1:11:32]} 38. fxg4
{[%clk 0:53:39]} Ke7 {[%clk 1:11:37]} 39. Kc3 {[%clk 0:53:43]} Bxc4
{[%clk 1:11:48]} 40. Kxc4 {[%clk 0:54:11]} Ke6 {[%clk 1:12:06]} 41. Kd3
{[%clk 0:53:53]} Kf7 {[%clk 1:06:47]} 42. Ke3 {[%clk 0:53:42]} Kg7
{[%clk 1:05:37]} 43. Kf3 {[%clk 0:53:54]} Kh7 {[%clk 1:02:22]} 44. Kg3
{[%clk 0:54:08]} Kg7 {[%clk 1:01:00]} 45. h5 {[%clk 0:54:23]} Kh7
{[%clk 0:57:47]} 46. Kh4 {[%clk 0:54:31]} Kh6 {[%clk 0:57:54]} 47. a4
{[%clk 0:54:53]} Kg7 {[%clk 0:56:28]} 48. g5 {[%clk 0:54:19]} f5 {[%clk 0:54:34]}
49. h6+ {[%clk 0:54:30]} Kh7 {[%clk 0:54:24]} 50. exf5 {[%clk 0:53:21]} gxf5
{[%clk 0:54:10]} 51. Kg3 {[%clk 0:53:43]} e4 {[%clk 0:52:56]} 52. Kf4
{[%clk 0:54:01]} Kg6 {[%clk 0:53:06]} 53. a5 {[%clk 0:54:23]} Kh7
{[%clk 0:52:59]} 54. Kxf5 {[%clk 0:47:06]} e3 {[%clk 0:53:18]} 55. g6+
{[%clk 0:47:31]} Kxh6 {[%clk 0:53:42]} 56. Kf6 {[%clk 0:47:53]} e2
{[%clk 0:53:56]} 57. g7 {[%clk 0:48:17]} e1=Q {[%clk 0:54:21]} 58. g8=Q
{[%clk 0:48:37]} Qc3+ {[%clk 0:54:31]} 59. Kf7 {[%clk 0:48:24]} Qc4+
{[%clk 0:51:01]} 60. Kf8 {[%clk 0:48:38]} Qxb4 {[%clk 0:51:01]} 61. Qg7+
{[%clk 0:45:22]} Kh5 {[%clk 0:50:42]} 62. Qe5+ {[%clk 0:44:53]} Kh4
{[%clk 0:49:41]} 63. Qf6+ {[%clk 0:44:33]} Kg3 {[%clk 0:49:47]} 64. Qg5+
{[%clk 0:43:28]} Kf3 {[%clk 0:48:06]} 65. Qh5+ {[%clk 0:43:24]} Ke3
{[%clk 0:47:01]} 66. Qe5+ {[%clk 0:42:08]} Kd3 {[%clk 0:46:13]} 67. Qxc7
{[%clk 0:36:22]} Qxc5+ {[%clk 0:46:22]} 68. Ke8 {[%clk 0:36:43]} Kc4
{[%clk 0:44:38]} 69. Qb6 {[%clk 0:36:19]} Qb5 {[%clk 0:41:31]} 70. Ke7
{[%clk 0:30:11]} Qc5+ {[%clk 0:40:56]} 71. Kd7 {[%clk 0:30:26]} Qd5+
{[%clk 0:40:05]} 72. Kc7 1/2-1/2